000 00556nam a2200181Ia 4500
008 090124s9999 xx 000 0 und d
082 _b21776
_a2312
100 _aडांगळे अर्जुन
245 _a छावणी हालते आहे
250 _a1
260 _c1977
300 _a48
600 _aडांगळे अर्जुन
630 _a छावणी हालते आहे
700 _aडांगळे अर्जुन
730 _a छावणी हालते आहे
942 _cBOOK
999 _c135425
_d135425